| 000 | 00511nam a2200157Ia 4500 | ||
|---|---|---|---|
| 008 | 100122s9999 xx 000 0 und d | ||
| 082 |
_b73430 _a927.92 |
||
| 100 | _aऔरंगाबादकर अनुराधा | ||
| 245 | _aसदाबहार देवानंद | ||
| 250 | _a2 | ||
| 260 |
_bप्रतीक प्रकाशन _c2007 |
||
| 300 | _a369 | ||
| 630 | _aसदाबहार देवानंद | ||
| 730 | _aसदाबहार देवानंद | ||
| 942 | _cBOOK | ||
| 999 |
_c389389 _d389386 |
||